[Event "GER-ch Net blitz qual5"]
[Site "Playchess.com INT"]
[Date "2020.03.28"]
[Round "13"]
[White "Butcher, Daniel"]
[Black "Ochmann, Reimund"]
[Result "1-0"]
[WhiteElo "1980"]
[BlackElo "1932"]
[PlyCount "55"]
[EventDate "2020.03.28"]
[EventType "swiss (blitz)"]
[EventRounds "13"]
[EventCountry "GER"]
[SourceTitle "CBM 195 Extra"]
[Source "ChessBase"]
[SourceDate "2020.05.31"]
[SourceVersion "1"]
[SourceVersionDate "2020.05.31"]
[SourceQuality "1"]

1. d4 d5 2. Nc3 Nf6 3. Bf4 a6 4. e3 c5 5. dxc5 Nc6 6. a3 e5 7. Bg5 Bxc5 8. Bxf6 Qxf6 9. Nxd5 Qd8 10. c4 0-0 11. Ne2 Be6 12. Nec3 Qh4 13. g3 Qh6 14. Bg2 Rad8 15. b4 Nxb4 16. axb4 Bxb4 17. Qb3 Bc5 18. 0-0 f5 19. Qxb7 f4 20. exf4 Bd4 21. Rxa6 Rde8 22. f5 Rxf5 23. Ne7+ Rxe7 24. Qxe7 Bxc3 25. Rxe6 Qh5 26. Bd5 Rf7 27. Qd8+ Rf8 28. Re8+ 1-0

[Event "GER-ch Net blitz qual5"]
[Site "Playchess.com INT"]
[Date "2020.03.28"]
[Round "9"]
[White "Pajeken, Jakob Leon"]
[Black "Butcher, Daniel"]
[Result "0-1"]
[WhiteElo "2342"]
[BlackElo "1980"]
[PlyCount "52"]
[EventDate "2020.03.28"]
[EventType "swiss (blitz)"]
[EventRounds "13"]
[EventCountry "GER"]
[SourceTitle "CBM 195 Extra"]
[Source "ChessBase"]
[SourceDate "2020.05.31"]
[SourceVersion "1"]
[SourceVersionDate "2020.05.31"]
[SourceQuality "1"]

1. d4 c5 2. c3 Qa5 3. a3 cxd4 4. b4 Qb6 5. Qxd4 Nc6 6. Qxb6 axb6 7. e4 Nf6 8. f3 d5 9. exd5 Nxd5 10. Bc4 Be6 11. Ne2 Ndxb4 12. Bxe6 Nc2+ 13. Kd2 Nxa1 14. Ba2 Na5 15. Nd4 e5 16. Nb5 0-0-0+ 17. Ke2 N1b3 18. Be3 Bc5 19. Bxc5 bxc5 20. c4 Nd4+ 21. Nxd4 Rxd4 22. Rc1 Rhd8 23. h3 f5 24. Rc2 e4 25. Nc3 Nxc4 26. Nb5 Rd2+ 0-1

[Event "GER-ch Net blitz qual3"]
[Site "Playchess.com INT"]
[Date "2020.03.21"]
[Round "1"]
[White "Butcher, Daniel"]
[Black "Heinemann, Guido"]
[Result "1-0"]
[WhiteElo "1887"]
[BlackElo "1867"]
[PlyCount "41"]
[EventDate "2020.03.21"]
[EventType "swiss (blitz)"]
[EventRounds "9"]
[EventCountry "GER"]
[SourceTitle "CBM 195 Extra"]
[Source "ChessBase"]
[SourceDate "2020.05.31"]
[SourceVersion "1"]
[SourceVersionDate "2020.05.31"]
[SourceQuality "1"]

1. d4 e6 2. Nc3 d5 3. Bf4 c6 4. e4 Be7 5. Nf3 Nf6 6. Bd3 0-0 7. 0-0 dxe4 8. Nxe4 Nxe4 9. Bxe4 Nd7 10. c3 Nf6 11. Bc2 Bd7 12. Qe2 Rc8 13. Rfd1 Nd5 14. Bg3 Qb6 15. Rab1 a5 16. Ne5 f6 17. Nxd7 Qd8 18. Nxf8 Qxf8 19. Qxe6+ Kh8 20. Re1 Bd8 21. Qxc8 1-0

[Event "GER-ch Net blitz qual3"]
[Site "Playchess.com INT"]
[Date "2020.03.21"]
[Round "8"]
[White "Butcher, Daniel"]
[Black "Kleeschaetzky, Rainer"]
[Result "0-1"]
[WhiteElo "1887"]
[BlackElo "2293"]
[PlyCount "110"]
[EventDate "2020.03.21"]
[EventType "swiss (blitz)"]
[EventRounds "9"]
[EventCountry "GER"]
[SourceTitle "CBM 195 Extra"]
[Source "ChessBase"]
[SourceDate "2020.05.31"]
[SourceVersion "1"]
[SourceVersionDate "2020.05.31"]
[SourceQuality "1"]

1. d4 d5 2. Nc3 e6 3. Bf4 c5 4. e4 dxe4 5. dxc5 Qxd1+ 6. Rxd1 Bxc5 7. Nxe4 Be7 8. Nd6+ Bxd6 9. Bxd6 Nc6 10. Nh3 Bd7 11. Ng5 h6 12. Ne4 Nge7 13. Ba3 b6 14. Nd6+ Kf8 15. Nxf7 Kxf7 16. Rxd7 Rhd8 17. Rxd8 Rxd8 18. Bc4 Nd4 19. Bd3 Nec6 20. f4 b5 21. Bc5 a6 22. 0-0 Nf5 23. Re1 Rd5 24. Bf2 Nb4 25. Bxf5 exf5 26. c3 Nd3 27. Rd1 Ke6 28. Bd4 Nxf4 29. Re1+ Kf7 30. g3 Nd3 31. Re2 g5 32. Kg2 Nc5 33. Re5 Rxe5 34. Bxe5 Nd3 35. Bd4 Nxb2 36. Kf3 Nc4 37. Ke2 Ke6 38. Kd3 h5 39. a4 g4 40. axb5 axb5 41. Ba7 Kd5 42. Bb8 Ne5+ 43. Ke3 Nf3 44. Kf4 Nxh2 45. Kxf5 Kc4 46. Be5 Nf3 47. Bf6 Nd2 48. Kg6 Ne4 49. Be5 Nxc3 50. Kxh5 b4 51. Kxg4 b3 52. Bxc3 Kxc3 53. Kf5 b2 54. g4 b1Q+ 55. Kf6 Qb6+ 0-1

[Event "GER-ch Net blitz qual3"]
[Site "Playchess.com INT"]
[Date "2020.03.21"]
[Round "3"]
[White "Kautzsch, Klaus Dieter"]
[Black "Butcher, Daniel"]
[Result "0-1"]
[WhiteElo "1670"]
[BlackElo "1887"]
[PlyCount "62"]
[EventDate "2020.03.21"]
[EventType "swiss (blitz)"]
[EventRounds "9"]
[EventCountry "GER"]
[SourceTitle "CBM 195 Extra"]
[Source "ChessBase"]
[SourceDate "2020.05.31"]
[SourceVersion "1"]
[SourceVersionDate "2020.05.31"]
[SourceQuality "1"]

1. e4 e5 2. Nf3 d6 3. Nc3 Nf6 4. d3 Be7 5. Bg5 c6 6. h3 Nbd7 7. Qd2 h6 8. Be3 Qc7 9. Be2 Nf8 10. Rc1 Ne6 11. d4 g5 12. d5 Nf4 13. Bf1 cxd5 14. Bxf4 gxf4 15. exd5 Bd7 16. Bb5 a6 17. Bxd7+ Qxd7 18. 0-0 Rg8 19. Rfe1 Qxh3 20. Kf1 Qxg2+ 21. Ke2 e4 22. Qxf4 exf3+ 23. Kd1 Qxf2 24. Qxd6 Qxe1+ 25. Kxe1 Bxd6 26. Kd2 Kd7 27. Ke3 Rae8+ 28. Kxf3 Re5 29. Rh1 h5 30. a3 Nxd5 31. Nxd5 Rxd5 0-1